Games and Economic Behavior

Guardado en:
Detalles Bibliográficos
Formato: Seriadas
Lenguaje:inglés
Publicado: Orlando Academic Press 1993
Etiquetas: Agregar Etiqueta
Sin Etiquetas, Sea el primero en etiquetar este registro!

MARC

LEADER 00000nas2a2200000 4500
001 s013718
005 20250729104107.4
022 |a 0899-8256 
041 0 |a eng 
044 |a US 
245 1 0 |a Games and Economic Behavior 
264 1 |a Orlando  |b Academic Press  |c 1993 
300 |a 1 zv.